000
00195nam a2200085Ia 4500
008
180219s9999 xx 000 0 und d
100
_a
Pankajam
245
0
_a
Educational And Develeopment
260
_a
Gyan Pub
260
_c
2010
999
_c
41646
_d
41646